| 000 | 01246cam a2200325 a 4500 | ||
|---|---|---|---|
| 001 | 1671585 | ||
| 003 | OSt | ||
| 005 | 20160412161333.0 | ||
| 008 | 980722s1999 dcua b i000 0 eng | ||
| 010 | _a 98034774 | ||
| 020 | _a082133798X | ||
| 040 |
_aDLC _cDLC _dDLC |
||
| 043 | _ad------ | ||
| 050 | 0 | 0 |
_aHC59.72.E44 _bE285 1999 |
| 082 | 0 | 0 |
_a333.3 _221 _bE44 1998 |
| 245 | 0 | 4 |
_aThe economics of involuntary resettlement : _bquestions and challenges / _cedited by Michael M. Cernea. |
| 260 |
_aWashington, D.C. : _bWorld Bank, _c1999. |
||
| 300 |
_axii, 259 p. : _bill. ; _c23 cm. |
||
| 490 | 1 | _aDirections in development | |
| 504 | _aIncludes bibliographical references. | ||
| 610 | 2 | 0 |
_aWorld Bank _zDeveloping countries. _97745 |
| 650 | 0 |
_aEconomic development projects _zDeveloping countries. _97025 |
|
| 650 | 0 |
_aForced migration _xEconomic aspects _zDeveloping countries. _97746 |
|
| 651 | 0 |
_aDeveloping countries _xEconomic policy. _96905 |
|
| 700 | 1 |
_aCernea, Michael M. _94322 |
|
| 830 | 0 |
_aDirections in development (Washington, D.C.) _97323 |
|
| 906 |
_a7 _bcbc _corignew _d1 _eocip _f19 _gy-gencatlg |
||
| 942 |
_2ddc _cSLOAN |
||
| 999 |
_c3466 _d3466 |
||